Nueva dramaturgia latinoamericana (Record no. 20765)
[ view plain ]
| 000 -LEADER | |
|---|---|
| campo de control de longitud fija | 01080nmc a2200361 a 4500 |
| 003 - IDENTIFICADOR DE NÚMERO DE CONTROL | |
| campo de control | AR-BaBNM |
| 005 - FECHA Y HORA DE LA ÚLTIMA TRANSACCIÓN | |
| campo de control | 20251128211710.0 |
| 008 - DATOS DE LONGITUD FIJA--INFORMACIÓN GENERAL | |
| campo de control de longitud fija | 085020s2005 ||||||||||||||000 | spa|| |
| 020 ## - NÚMERO INTERNACIONAL ESTÁNDAR DEL LIBRO | |
| Número Internacional Estándar del Libro | 987-9433-21-1 |
| 040 ## - FUENTE DE CATALOGACIÓN | |
| Centro/agencia transcriptor | AR-BaBNM |
| 245 10 - MENCIÓN DEL TÍTULO | |
| Título | Nueva dramaturgia latinoamericana |
| 250 ## - MENCION DE EDICION | |
| Mención de edición | 1ª ed. |
| 260 ## - PUBLICACIÓN, DISTRIBUCIÓN, ETC. | |
| Lugar de publicación, distribución, etc. | Buenos Aires |
| Nombre del editor, distribuidor, etc. | Instituto Nacional del Teatro |
| Fecha de publicación, distribución, etc. | 2005 |
| 300 0# - DESCRIPCIÓN FÍSICA | |
| Extensión | 310 p. |
| 490 #0 - MENCIÓN DE SERIE | |
| Mención de serie | Autores latinoamericanos |
| 505 ## - NOTA DE CONTENIDO CON FORMATO | |
| Título | Los murmullos |
| Mención de responsabilidad | Cano, Luis |
| 505 ## - NOTA DE CONTENIDO CON FORMATO | |
| Título | Tantalegría |
| Mención de responsabilidad | Marull, Gonzalo |
| 505 ## - NOTA DE CONTENIDO CON FORMATO | |
| Título | Agua revoltosa |
| Mención de responsabilidad | Damaceno, Marcos |
| 505 ## - NOTA DE CONTENIDO CON FORMATO | |
| Título | Color de hormiga |
| Mención de responsabilidad | De la Maza, Lucía |
| 505 ## - NOTA DE CONTENIDO CON FORMATO | |
| Título | El zapato sucio |
| Mención de responsabilidad | Del Pino, Amado |
| 505 ## - NOTA DE CONTENIDO CON FORMATO | |
| Título | Cartas al pie de un árbol |
| Mención de responsabilidad | Norzagaray, Angel |
| 505 ## - NOTA DE CONTENIDO CON FORMATO | |
| Título | Tinieblas |
| Mención de responsabilidad | Nieto, Jaime |
| 505 ## - NOTA DE CONTENIDO CON FORMATO | |
| Título | Slaugther |
| Mención de responsabilidad | Blanco, Sergio |
| 650 #4 - PUNTO DE ACCESO ADICIONAL DE MATERIA--TÉRMINO DE MATERIA | |
| Término de materia o nombre geográfico como elemento de entrada | TEATRO |
| 650 #4 - PUNTO DE ACCESO ADICIONAL DE MATERIA--TÉRMINO DE MATERIA | |
| Término de materia o nombre geográfico como elemento de entrada | LITERATURA CONTEMPORANEA |
| 650 #4 - PUNTO DE ACCESO ADICIONAL DE MATERIA--TÉRMINO DE MATERIA | |
| Término de materia o nombre geográfico como elemento de entrada | ANTOLOGIAS |
| 650 #4 - PUNTO DE ACCESO ADICIONAL DE MATERIA--TÉRMINO DE MATERIA | |
| Término de materia o nombre geográfico como elemento de entrada | LITERATURA LATINOAMERICANA |
| 651 #4 - PUNTO DE ACCESO ADICIONAL DE MATERIA--NOMBRE GEOGRÁFICO | |
| Nombre geográfico | América Latina |
| 655 ## - TERMINO DE INDIZACIÓN--GENERO/FORMA | |
| Datos o término principal de género/forma | LITERATURA |
| 700 1# - ENTRADA AGREGADA--NOMBRE PERSONAL | |
| Nombre de persona | Pacheco, Carlos |
| Término indicativo de función/relación | prologuista |
| 942 ## - ELEMENTOS DE ENTRADA SECUNDARIOS (KOHA) | |
| Tipo de ítem Koha | Libros |
| 998 ## - INFORMACIÓN DE CONTROL LOCAL (RLIN) | |
| Iniciales del catalogador, CIN (RLIN) | martin |
| Estatus retirado | Estado de pérdida | Fuente de la clasificación o esquema de estantería | Estado de daño | Restricciones de uso | No para préstamo | Biblioteca de origen | Biblioteca actual | Fecha de adquisición | Total de préstamos | Signatura topográfica completa | Código de barras | Visto por última vez | Precio de reemplazo | Tipo de ítem Koha |
|---|---|---|---|---|---|---|---|---|---|---|---|---|---|---|
| Clasificación Decimal Dewey | Acceso restringido | No para préstamo | Liberty | Liberty | 28/11/2025 | 860[7/8] PAC | 138937 | 28/11/2025 | 28/11/2025 | Libros |